Constitucin̤ Deo Auctore y Libro I del Digesto del Emperador Justiniano

Bibliographic Details
Main Author: Catalano, Pierangelo
Format: eBook
Language:Spanish
Published: Lima : Pontificia Universidad Catolica del Peru, 2011
Subjects:
Online Access:Acceso restringido

MARC

LEADER 00000nam a22000007a 4500
005 2012080702132.0
007 cr|||| ||||
008 120807s2011 pe |||||s|||| 00||0 spa d
020 |a 978-9972-42-964-4 
035 |a 6576 
040 |a vLex 
090 |c 3341  |d 3341 
100 1 |a Catalano, Pierangelo 
245 1 0 |a Constitucin̤ Deo Auctore y Libro I del Digesto del Emperador Justiniano  |h [Recurso electrn̤ico] /  |c Pierangelo Catalano  
256 |a Servicio en ln̕ea 
260 |a Lima :  |b Pontificia Universidad Catolica del Peru,  |c 2011 
300 |a 1 recurso electrn̤ico 
506 1 |a Contenido solo disponible en los productos indicados  |d vLex Global   |d vLex Global (Academic Edition, excluding Law Schools)   |d vLex Global (U.S. Academic Edition, Law Schools)   |d vLex Global (U.S. Academic Edition, excluding Law Schools)   |d vLex Global (Academic Edition, Law Schools)  
650 |a Constitucin̤ Deo Auctore 
650 |a Derecho constitucional  |z Per︢ 
740 0 |a vLex Libros (Servicio en ln̕ea) 
856 4 0 |u http://vlex.com/source/constitucion-deo-auctore-libro-i-digesto-emperador-justiniano-6576  |z Acceso restringido 
942 |c BOOK 
999 0 |a Constitutional law